LEADER 00896nam0-2200325---450- 001 990010095330403321 005 20160823115140.0 010 $a978-88-15-25874-8 035 $a001009533 035 $aFED01001009533 035 $a(Aleph)001009533FED01 035 $a001009533 100 $a20160823d2015----km-y0itay50------ba 101 0 $aita 102 $aIT 105 $a--------001yy 200 1 $aGestire lo stress nelle organizzazioni$fCristian Balducci 210 $aBologna$cil Mulino$d2015 215 $a182 p.$cfig.$d22 cm 225 1 $aPsicologia in pratica 610 0 $aAziende$aPersonale$aGestione$aAspett psicologici 676 $a658.382$v22$zita 676 $a158.72$v22$zita 700 1$aBalducci,$bCristian 801 0$aIT$bUNINA$gRICA$2UNIMARC 901 $aBK 912 $a990010095330403321 952 $a658.382 BAL 1$b2568$fBFS 959 $aBFS 997 $aUNINA LEADER 01254nam0 22003011i 450 001 SUN0013191 005 20051205120000.0 010 $a88-7652-687-0 020 $aIT$b96 8206 100 $a20030401d1995 |0itac50 ba 101 $aita 102 $aIT 105 $a|||| ||||| 200 1 $aˆIl ‰sinodo dei vescovi$eistituzione, fini e natura$eindagine teologico-giuridica$fMaurizio Claudio Bravi 210 $aRoma$cPontificia università gregoriana$d1995 215 $a397 p.$d24 cm. 410 1$1001SUN0013141$12001 $aTesi gregoriana. Ser. Diritto canonico$v2$1210 $aRoma$cPontificia università gregoriana$d1995-. 606 $aSinodo dei vescovi$2FI$3SUNC006991 620 $dRoma$3SUNL000360 676 $a262.4$v21 700 1$aBravi$b, Maurizio C.$3SUNV009730$0729843 712 $aPontificia università gregoriana$3SUNV004070$4650 801 $aIT$bSOL$c20181109$gRICA 912 $aSUN0013191 950 $aUFFICIO DI BIBLIOTECA DEL DIPARTIMENTO DI GIURISPRUDENZA$d00 CONS V.Ec.11 $e00 22506 995 $aUFFICIO DI BIBLIOTECA DEL DIPARTIMENTO DI GIURISPRUDENZA$h22506$kCONS V.Ec.11$op$qa 996 $aSinodo dei vescovi$91430236 997 $aUNICAMPANIA LEADER 01384nam a2200325 i 4500 001 991001715809707536 008 120516e2011 it 000 0 ita 020 $a9788860873941 035 $ab14058224-39ule_inst 040 $aDip.to Studi Storici$bita 082 04$a324.24505092 082 04$a945.0927092 245 00$aAldo Moro nell'Italia contemporanea /$ba cura di Francesco Perfetti ... [et al.] 260 $aFirenze :$bLe lettere,$c2011 300 $a813 p. ;$c23 cm. 440 0$aBiblioteca di Nuova storia contemporanea ;$v50 500 $aAtti del Convegno tenuto a Roma e Lecce nel 2008 600 14$aMoro, Aldo$vCongressi 700 1 $aPerfetti, Francesco$d<1943- > 700 1 $aUngari, Andrea 700 1 $aCaviglia, Daniele 700 1 $aDe Luca, Daniele 907 $a.b14058224$b18-07-14$c16-05-12 912 $a991001715809707536 945 $aLE023 945.092 ALD 2 1 $g1$i2023000133606$lle023$o-$pE45.00$q-$rn$so $t0$u5$v0$w5$x0$y.i15412015$z21-05-12 945 $aLE023 945.092 ALD 2 1 bis $g1$i2023000133613 $lle023$o-$pE45.00$q-$rl$s- $t0$u16$v4$w16$x0$y.i15412027$z21-05-12 945 $aLE023 945.092 ALD 2 1 ter$g1$i2023000168233$lle023$op$pE45.00$q-$rl$s- $t0$u16$v2$w16$x0$y.i15626210$z18-07-14 996 $aAldo Moro nell'Italia contemporanea$9238576 997 $aUNISALENTO 998 $ale023$b16-05-12$cm$da $e-$fita$git $h0$i0